000 01072cam a22003137a 4500
003 CHAP
005 20220329135222.0
008 971013s1984 r 00010 d
010 _a32816
011 _a33788
035 _a37904
040 _cCHAP
090 _aTesis
100 0 0 _aCuilty Siller, Alejandro.
_930193
245 0 _aEstudio económico comparativo de doce densidades de plantación de manzano en el estado de Chihuahua
260 _a(Monterrey, N.L.) :
_bEl autor,
_c1984
300 _a88 h.
_b: ilus. ; gráfs.
502 _aTesis (Ing. Agrónomo Administrador) -- ITESM. División de Ciencias Agropecuarias y Marítimas
590 _aALEPH
_b10
_c20130110
_lUCH01
_h1256
590 _aBATCH-UPD
_b10
_c20130110
_lUCH01
_h0101
590 _aBATCH-UPD
_b10
_c20130110
_lUCH01
_h2056
590 _aCONVERSION
_b10
_c20130109
_lUCH01
_h1318
650 1 4 _aManzana
_xChihuahua.
_970746
650 1 4 _aManzana
_xEspaciamiento.
_970767
650 1 4 _aManzana
_xInjertos.
_970779
901 _aBK
942 _cTESIS
949 _bBC
_cTES
_d-86850
_eTS1
_h17599
_i37904
_si
999 _c32816
_d32816